00411nam a2200169 a 450000100060000000300090000600800410001502000150005604000280007108200140009910000220011324500230013526000350015830000110019349000150020465000220021919979CO-ViMGA141112s2004 ck r 000 u spa d a8472237486 aCO-ViMGAbspacCO-ViMGA04a863 G715e1 aGrandes, Almudena10aLas Edades de Lulu aBarcelona : bTusquets, c2003 a260 p. aFabula; 1014aNOVELA ESPAÑOLA